[Event "2. Bundesliga Ost 2015/2016"]
[Site "Wien"]
[Date "2016.04.09"]
[Round "10"]
[Board "4"]
[White "Sekyra, Michael"]
[Black "Theissl-Pokorna, Regina"]
[Result "1/2-1/2"]
[WhiteElo "2060"]
[BlackElo "2355"]
[PlyCount "132"]
[EventDate "2015.10.17"]
[EventType "team"]
[EventRounds "11"]
[EventCountry "AUT"]
[WhiteTeam "SC Donaustadt"]
[BlackTeam "SK Austria"]

1. e4 e5 2. Nf3 Nc6 3. Bb5 a6 4. Ba4 Nf6 5. O-O Be7 6. Re1 b5 7. Bb3 O-O 8. h3
Bb7 9. a3 d5 10. exd5 Nxd5 11. d3 Qd6 12. Nbd2 Rad8 13. Ne4 Qg6 14. Ng3 Bc5 15.
Ne4 Be7 16. Ng3 h6 17. Nxe5 Nxe5 18. Rxe5 Bd6 19. Bxd5 Bxe5 20. Bxb7 Bxg3 21.
Qg4 Be5 22. Be4 Qxg4 23. hxg4 c5 24. c3 Rfe8 25. f3 Bd6 26. Kf2 Rb8 27. Be3 a5
28. f4 b4 29. axb4 axb4 30. Kf3 bxc3 31. bxc3 Rb3 32. c4 Rbb8 33. Ra5 Rbc8 34.
Ra6 Red8 35. Bd2 g6 36. Ba5 Bc7 37. Bc3 Bd6 38. Bf6 Kf8 39. Bxd8 Rxd8 40. Ra7
Be7 41. f5 gxf5 42. gxf5 Rb8 43. Bd5 Rb1 44. Kf2 Rb6 45. Ke3 h5 46. d4 cxd4+
47. Kxd4 Rb1 48. Bf3 h4 49. Ra8+ Kg7 50. Kd5 Rc1 51. Ra7 Kf6 52. Be4 Bb4 53.
Ra6+ Kg5 54. Ra7 Kf4 55. Bf3 f6 56. Rh7 Be1 57. c5 Kxf5 58. c6 Bg3 59. Be4+ Kf4
60. Bd3 Ke3 61. Bc4 Kf2 62. c7 Rd1+ 63. Ke6 Rd6+ 64. Kf5 Rc6 65. Bd5 Rc5 66.
c8=Q Rxc8 1/2-1/2

[Event "2. Bundesliga Ost 2015/2016"]
[Site "Wien"]
[Date "2016.04.09"]
[Round "10"]
[Board "5"]
[White "Druckenthaner, Andreas"]
[Black "Hofbauer, Peter"]
[Result "1-0"]
[WhiteElo "2314"]
[BlackElo "2036"]
[PlyCount "79"]
[EventDate "2015.10.17"]
[EventType "team"]
[EventRounds "11"]
[EventCountry "AUT"]
[WhiteTeam "SK Austria"]
[BlackTeam "SC Donaustadt"]

1. d4 d5 2. Nc3 e6 3. Nf3 Nf6 4. Bg5 Be7 5. e3 O-O 6. Bd3 Nbd7 7. O-O c5 8. Re1
c4 9. Bf1 b6 10. e4 Nxe4 11. Nxe4 dxe4 12. Bxe7 Qxe7 13. Nd2 f5 14. Bxc4 Bb7
15. f3 Bd5 16. Qe2 Rac8 17. fxe4 fxe4 18. c3 Nf6 19. Bb3 Qd7 20. Bc2 b5 21.
Nxe4 b4 22. Nc5 Rxc5 23. dxc5 bxc3 24. bxc3 Qc7 25. Bb3 Qxc5+ 26. Qe3 Qc7 27.
Bxd5 exd5 28. Rad1 h5 29. h3 Re8 30. Qd4 Rc8 31. Rd3 Qa5 32. Re7 Rc7 33. Rxc7
Qxc7 34. c4 Qa5 35. cxd5 Qxa2 36. d6 Nd7 37. Qd5+ Qxd5 38. Rxd5 Kf7 39. Rxh5
Ke6 40. Ra5 1-0

[Event "2. Bundesliga Ost 2015/2016"]
[Site "Wien"]
[Date "2016.04.09"]
[Round "10"]
[Board "6"]
[White "Boehm, Gerhard"]
[Black "Higatsberger, Michael"]
[Result "0-1"]
[WhiteElo "2008"]
[BlackElo "2148"]
[PlyCount "76"]
[EventDate "2015.10.17"]
[EventType "team"]
[EventRounds "11"]
[EventCountry "AUT"]
[WhiteTeam "SC Donaustadt"]
[BlackTeam "SK Austria"]

1. e4 c5 2. Nc3 a6 3. g3 b5 4. Bg2 Bb7 5. d3 e6 6. f4 Nf6 7. Nf3 d5 8. e5 d4 9.
Nxb5 axb5 10. exf6 gxf6 11. O-O f5 12. c3 dxc3 13. bxc3 Bg7 14. Qc2 O-O 15. Be3
Ra3 16. Ne5 Bxg2 17. Qxg2 Rxc3 18. Rac1 Rxc1 19. Rxc1 Nd7 20. Nxd7 Qxd7 21.
Bxc5 Rc8 22. Be3 Rxc1+ 23. Bxc1 Qd4+ 24. Kf1 Qxd3+ 25. Qe2 Qb1 26. Qd2 Bf6 27.
Kf2 b4 28. Ke2 Kg7 29. Kd1 Qe4 30. Qe2 Qd5+ 31. Qd2 Qc4 32. Qe2 Qc3 33. Qd2
Qf3+ 34. Qe2 Qh1+ 35. Kc2 Qd5 36. Kb1 b3 37. a3 Qd4 38. Bb2 Qg1+ 0-1

[Event "2. Bundesliga Ost 2015/2016"]
[Site "Wien"]
[Date "2016.04.09"]
[Round "10"]
[Board "1"]
[White "Szabo, Krisztian"]
[Black "Chytilek, Roman"]
[Result "1-0"]
[WhiteElo "2513"]
[BlackElo "2345"]
[PlyCount "117"]
[EventDate "2015.10.17"]
[EventType "team"]
[EventRounds "11"]
[EventCountry "AUT"]
[WhiteTeam "ASVOE Mattersburg"]
[BlackTeam "SV Stockerau"]

1. e4 g6 2. d4 Bg7 3. Nc3 d6 4. f4 Nf6 5. Bd3 Na6 6. Nf3 O-O 7. O-O c5 8. d5
Bg4 9. Bc4 Nd7 10. h3 Bxf3 11. Qxf3 Nc7 12. a4 Rb8 13. a5 a6 14. Na4 b5 15.
axb6 Nxb6 16. Nxb6 Rxb6 17. Ra2 e6 18. Qd3 exd5 19. exd5 Re8 20. Bd2 Qb8 21. b3
f5 22. Re1 Rxe1+ 23. Bxe1 Qe8 24. Kf1 Qf7 25. c3 Rb8 26. Re2 Kf8 27. b4 cxb4
28. cxb4 Re8 29. Rxe8+ Kxe8 30. Bf2 Qf6 31. Kg1 Kd7 32. Kh2 Qc3 33. Qe2 Bd4 34.
Be1 Qc1 35. Bd2 Qa1 36. Qe1 Qxe1 37. Bxe1 Ke7 38. g4 Nb5 39. Kg3 Kf6 40. Kf3
Bc3 41. Bxc3+ Nxc3 42. g5+ Ke7 43. h4 Nb5 44. Ke3 Kd7 45. h5 Ke7 46. h6 Nc7 47.
Bb3 Kd8 48. Kd3 Nb5 49. Ba4 Ke7 50. Kc4 Na3+ 51. Kb3 Nb5 52. Kb2 Nd4 53. Bd1
Kd8 54. Bh5 Ke7 55. Bxg6 Ne2 56. Bxh7 Nxf4 57. g6 Nxd5 58. g7 Nf6 59. Bg6 1-0

[Event "2. Bundesliga Ost 2015/2016"]
[Site "Wien"]
[Date "2016.04.09"]
[Round "10"]
[Board "3"]
[White "Salamon, Werner"]
[Black "Stanivukovic, Drago"]
[Result "1/2-1/2"]
[WhiteElo "2130"]
[BlackElo "1928"]
[PlyCount "118"]
[EventDate "2015.10.17"]
[EventType "team"]
[EventRounds "11"]
[EventCountry "AUT"]
[WhiteTeam "ASVOE Mattersburg"]
[BlackTeam "SV Stockerau"]

1. e4 c5 2. c3 d6 3. d4 Nf6 4. Bd3 cxd4 5. cxd4 Nc6 6. Nf3 Bg4 7. d5 Bxf3 8.
Qxf3 Ne5 9. Bb5+ Nfd7 10. Qd1 a6 11. Be2 Nf6 12. Nc3 g6 13. f4 Ned7 14. O-O Bg7
15. Be3 Rc8 16. Bf3 O-O 17. Kh1 Ne8 18. Qd2 Nb6 19. Be2 Nc4 20. Bxc4 Rxc4 21.
Qd3 Qc7 22. Rac1 b5 23. a4 Bxc3 24. Rxc3 Rxc3 25. bxc3 bxa4 26. Ra1 Qa5 27. Qc4
a3 28. Qb3 Qb5 29. Qxb5 axb5 30. Rxa3 Nf6 31. Bd4 Nxe4 32. Ra7 Nf6 33. Rxe7
Nxd5 34. Rb7 Rc8 35. g3 Nxc3 36. Kg2 Kf8 37. Kf3 Ke8 38. Kg4 h6 39. h4 Rc4 40.
Bxc3 Rxc3 41. Rxb5 h5+ 42. Kh3 Rc2 43. f5 Rc5 44. fxg6 fxg6 45. Rb7 Rc4 46. Kg2
Re4 47. Rg7 Re6 48. Kf3 d5 49. g4 hxg4+ 50. Kxg4 d4 51. Ra7 d3 52. Ra1 d2 53.
Rd1 Rd6 54. Kf3 Ke7 55. Ke2 Ke6 56. h5 g5 57. Rxd2 Ra6 58. Kf3 Ra4 59. Kg3 Rh4
 1/2-1/2

[Event "2. Bundesliga Ost 2015/2016"]
[Site "Wien"]
[Date "2016.04.09"]
[Round "10"]
[Board "4"]
[White "Schmid, Thomas"]
[Black "Strodl, Joachim"]
[Result "0-1"]
[WhiteElo "2123"]
[BlackElo "2120"]
[PlyCount "78"]
[EventDate "2015.10.17"]
[EventType "team"]
[EventRounds "11"]
[EventCountry "AUT"]
[WhiteTeam "SV Stockerau"]
[BlackTeam "ASVOE Mattersburg"]

1. e4 g6 2. d4 Bg7 3. Nc3 c5 4. dxc5 Bxc3+ 5. bxc3 Qa5 6. Qd4 Nf6 7. Qb4 Qc7 8.
Bd3 Nc6 9. Qc4 b6 10. Ba3 O-O 11. Ne2 Na5 12. Qd4 Nc6 13. Qe3 bxc5 14. Qxc5 d6
15. Qg5 Ne5 16. O-O Be6 17. Kh1 Bc4 18. Rfd1 Rfd8 19. h3 Qa5 20. Bc1 Qa6 21.
Qe3 Rac8 22. f4 Ned7 23. a4 Nc5 24. Bxc4 Qxc4 25. Rd4 Qa6 26. Ba3 Ne6 27. Rb4
Nh5 28. Kh2 Rc7 29. f5 Nc5 30. Nd4 Nf6 31. Nb5 Rcc8 32. Bb2 Rd7 33. Rf1 Qc6 34.
Rf4 a5 35. Rd4 Nxa4 36. Rxa4 Qxb5 37. Ra2 Rc4 38. Qd3 Rdc7 39. Bc1 Qb1 0-1

[Event "2. Bundesliga Ost 2015/2016"]
[Site "Wien"]
[Date "2016.04.09"]
[Round "10"]
[Board "5"]
[White "Savio, Alfred Jun."]
[Black "Gajic, Zoran"]
[Result "1/2-1/2"]
[WhiteElo "2036"]
[BlackElo "2063"]
[PlyCount "29"]
[EventDate "2015.10.17"]
[EventType "team"]
[EventRounds "11"]
[EventCountry "AUT"]
[WhiteTeam "ASVOE Mattersburg"]
[BlackTeam "SV Stockerau"]

1. d4 Nf6 2. Nc3 d5 3. Bg5 Nbd7 4. Nf3 e6 5. e4 dxe4 6. Nxe4 Be7 7. Nxf6+ Nxf6
8. Bd3 O-O 9. O-O Nd5 10. Qd2 h6 11. Bxe7 Qxe7 12. c4 Nf6 13. Rfe1 c6 14. h3
Kh8 15. Qc2 1/2-1/2

[Event "2. Bundesliga Ost 2015/2016"]
[Site "Wien"]
[Date "2016.04.09"]
[Round "10"]
[Board "6"]
[White "Batyte, Daiva"]
[Black "Braun, Karl-Heinz"]
[Result "1-0"]
[WhiteElo "2107"]
[BlackElo "2002"]
[PlyCount "155"]
[EventDate "2015.10.17"]
[EventType "team"]
[EventRounds "11"]
[EventCountry "AUT"]
[WhiteTeam "SV Stockerau"]
[BlackTeam "ASVOE Mattersburg"]

1. c4 Nf6 2. Nc3 c5 3. g3 Nc6 4. Bg2 g6 5. Nf3 Bg7 6. O-O O-O 7. d4 cxd4 8.
Nxd4 Nxd4 9. Qxd4 d6 10. Qd3 Ng4 11. b3 Qa5 12. Bd2 Qh5 13. h4 Rb8 14. Rac1 Bf5
15. e4 Ne5 16. Qe3 Bg4 17. f3 Bd7 18. Nd5 Nc6 19. Qg5 Qxg5 20. Bxg5 Rfe8 21.
Kh2 h6 22. Be3 b6 23. Rfd1 Red8 24. Rd2 Kf8 25. Kg1 Be6 26. Kf2 Rdc8 27. Nf4
Bd7 28. Bf1 Be8 29. Bh3 Rd8 30. Ne2 Bd7 31. Bf1 Ke8 32. Nc3 Kf8 33. Be2 Kg8 34.
Nd5 Kf8 35. Rh1 Be8 36. h5 g5 37. f4 f6 38. Nc7 Bd7 39. Nb5 Rdc8 40. Rhd1 Be6
41. Rc1 a6 42. Nc3 gxf4 43. gxf4 f5 44. exf5 Bxc3 45. Rxc3 Bxf5 46. Rc1 Kf7 47.
Bf3 Nd8 48. Rg1 Ne6 49. Rd5 Bh7 50. f5 Ng5 51. Bxg5 hxg5 52. Rxg5 Kf6 53. Rg4
Bxf5 54. Rf4 e6 55. Rxd6 Ke5 56. Rfd4 Rg8 57. Rd7 Bb1 58. Rd2 Bf5 59. Re2+ Kf6
60. Ra7 a5 61. Rd2 Ke5 62. Rf7 Rbf8 63. Rxf8 Rxf8 64. Ke3 Rh8 65. Rd7 Rb8 66.
Ra7 Bb1 67. c5 Bxa2 68. cxb6 Bxb3 69. Rxa5+ Bd5 70. Rb5 Rb7 71. h6 Kf6 72. Bxd5
exd5 73. Kd4 Ke6 74. Kc5 d4 75. Kc6 Rb8 76. b7 d3 77. Rb2 Rd8 78. b8=Q 1-0

[Event "2. Bundesliga Ost 2015/2016"]
[Site "Wien"]
[Date "2016.04.10"]
[Round "11"]
[Board "1"]
[White "Chytilek, Roman"]
[Black "Jankovic, Alojzije"]
[Result "0-1"]
[WhiteElo "2345"]
[BlackElo "2559"]
[PlyCount "64"]
[EventDate "2015.10.17"]
[EventType "team"]
[EventRounds "11"]
[EventCountry "AUT"]
[WhiteTeam "SV Stockerau"]
[BlackTeam "SK Advisory Invest Baden"]

1. d4 Nf6 2. c4 g6 3. Nc3 Bg7 4. g3 O-O 5. Bg2 c6 6. Nf3 d6 7. O-O Qb6 8. e4
Bg4 9. Rb1 Nfd7 10. Be3 c5 11. dxc5 dxc5 12. Nd5 Qd8 13. Qb3 b6 14. Nd2 Nc6 15.
h3 Be6 16. Nf3 f6 17. Rbd1 Rc8 18. Rd2 Qe8 19. Qa4 Bf7 20. e5 Ndxe5 21. Nxe5
fxe5 22. Qa6 Rb8 23. b3 Qc8 24. Qa4 Kh8 25. Bg5 Be8 26. Qa3 Rf7 27. Nc3 a5 28.
Qc1 Nd4 29. Qd1 Bc6 30. Qg4 Qxg4 31. hxg4 Bxg2 32. Kxg2 Nf3 0-1

[Event "2. Bundesliga Ost 2015/2016"]
[Site "Wien"]
[Date "2016.04.10"]
[Round "11"]
[Board "2"]
[White "Rudolf, Herbert"]
[Black "Groetz, Harald"]
[Result "0-1"]
[WhiteElo "2117"]
[BlackElo "2282"]
[PlyCount "80"]
[EventDate "2015.10.17"]
[EventType "team"]
[EventRounds "11"]
[EventCountry "AUT"]
[WhiteTeam "SK Advisory Invest Baden"]
[BlackTeam "SV Stockerau"]

1. Nf3 Nf6 2. c4 g6 3. b4 Bg7 4. Bb2 O-O 5. g3 d6 6. Bg2 c6 7. O-O Bf5 8. d3
Qd7 9. Nc3 Bh3 10. b5 Bxg2 11. Kxg2 cxb5 12. cxb5 d5 13. Qb3 Re8 14. e4 e6 15.
exd5 Nxd5 16. Ne4 Bxb2 17. Qxb2 Qe7 18. Nc3 Nxc3 19. Qxc3 Nd7 20. Rac1 Nb6 21.
h4 Nd5 22. Qb2 h5 23. Ng5 Rac8 24. Rc4 Rc7 25. Rfc1 Rd7 26. Ne4 Red8 27. Re1
Qf8 28. Nc5 Re7 29. Rec1 Qg7 30. Qa3 Qe5 31. Ne4 b6 32. Rc8 Rxc8 33. Rxc8+ Kg7
34. Qc1 f5 35. Ng5 f4 36. Ne4 Rf7 37. Qc6 fxg3 38. fxg3 Ne3+ 39. Kh1 Qa1+ 40.
Kh2 Ng4+ 0-1

[Event "2. Bundesliga Ost 2015/2016"]
[Site "Wien"]
[Date "2016.04.10"]
[Round "11"]
[Board "3"]
[White "Stanivukovic, Drago"]
[Black "Herndlbauer, Martin"]
[Result "0-1"]
[WhiteElo "1928"]
[BlackElo "2084"]
[PlyCount "74"]
[EventDate "2015.10.17"]
[EventType "team"]
[EventRounds "11"]
[EventCountry "AUT"]
[WhiteTeam "SV Stockerau"]
[BlackTeam "SK Advisory Invest Baden"]

1. e4 d6 2. d4 Nf6 3. Nc3 e5 4. dxe5 dxe5 5. Qxd8+ Kxd8 6. Bg5 Nbd7 7. O-O-O
Bd6 8. Bc4 Ke8 9. f3 a6 10. Nge2 b5 11. Bb3 Nc5 12. Bxf6 Nxb3+ 13. cxb3 gxf6
14. g4 Be6 15. Nd5 Bxd5 16. Rxd5 h5 17. Ng3 hxg4 18. fxg4 Rh3 19. Nf5 Be7 20.
Kd1 c6 21. Rd2 Bb4 22. Rc2 Rd8+ 23. Kc1 Rc8 24. a3 Bf8 25. Rc3 Rxc3+ 26. bxc3
Bxa3+ 27. Kc2 Bc5 28. h4 Kf8 29. Rd1 a5 30. Rd7 Bb6 31. Rxf7+ Kxf7 32. Nd6+ Ke6
33. Nxc8 Be3 34. h5 Kd7 35. Kd3 Bf4 36. Na7 Kc7 37. c4 b4 0-1

[Event "2. Bundesliga Ost 2015/2016"]
[Site "Wien"]
[Date "2016.04.10"]
[Round "11"]
[Board "4"]
[White "Trippold, Denise"]
[Black "Schmid, Thomas"]
[Result "1/2-1/2"]
[WhiteElo "1982"]
[BlackElo "2123"]
[PlyCount "118"]
[EventDate "2015.10.17"]
[EventType "team"]
[EventRounds "11"]
[EventCountry "AUT"]
[WhiteTeam "SK Advisory Invest Baden"]
[BlackTeam "SV Stockerau"]

1. d4 d5 2. c4 e6 3. Nf3 Nf6 4. g3 Be7 5. Bg2 O-O 6. O-O dxc4 7. Qc2 a6 8. a4
Bd7 9. Bf4 Bc6 10. Qxc4 a5 11. Ne5 Bxg2 12. Kxg2 Qd5+ 13. f3 Qxc4 14. Nxc4 Nd5
15. Bd2 Nc6 16. e3 Rfd8 17. Nc3 Bb4 18. Rfd1 Rd7 19. Rac1 Rad8 20. Kf2 b6 21.
Nb5 Bxd2 22. Rxd2 Ndb4 23. Ke2 f6 24. Rcd1 Kf7 25. e4 Ne7 26. Ke3 Nc8 27. Ke2
Ne7 28. Ne3 c6 29. Nc3 h5 30. f4 g6 31. Nc4 Nc8 32. Kf3 Kg7 33. h3 Kf7 34. g4
hxg4+ 35. hxg4 Kg7 36. g5 f5 37. Ne5 Rc7 38. Rh2 Rh8 39. Rxh8 Kxh8 40. Nxg6+
Kg7 41. Ne5 Nd6 42. Rd2 Rc8 43. Rh2 Rh8 44. Rxh8 Kxh8 45. Nd7 Nc4 46. Ke2 fxe4
47. Nxe4 Nxb2 48. Nxb6 Nc2 49. Kd2 Nxd4 50. Kc3 Nxa4+ 51. Nxa4 Ne2+ 52. Kc4
Nxf4 53. Nf2 Kg7 54. Nc5 Kg6 55. Nce4 Kf5 56. Kc5 e5 57. Kxc6 a4 58. Nc3 a3 59.
Kb5 Kxg5 1/2-1/2

[Event "2. Bundesliga Ost 2015/2016"]
[Site "Wien"]
[Date "2016.04.10"]
[Round "11"]
[Board "5"]
[White "Gajic, Zoran"]
[Black "Hofegger, Jakob"]
[Result "1/2-1/2"]
[WhiteElo "2063"]
[BlackElo "1990"]
[PlyCount "203"]
[EventDate "2015.10.17"]
[EventType "team"]
[EventRounds "11"]
[EventCountry "AUT"]
[WhiteTeam "SV Stockerau"]
[BlackTeam "SK Advisory Invest Baden"]

1. e4 e6 2. d4 d5 3. exd5 exd5 4. Nf3 Bd6 5. Nc3 c6 6. h3 Ne7 7. Bd3 O-O 8. O-O
Bf5 9. Re1 Bxd3 10. Qxd3 Nd7 11. Bd2 Qc7 12. Re2 Rae8 13. Rae1 Qc8 14. g3 Ng6
15. Qf5 Rxe2 16. Rxe2 Re8 17. Ng5 Nf6 18. Qxc8 Rxc8 19. Kg2 Kf8 20. f4 h5 21.
Nf3 Ne7 22. Nh4 Bb4 23. Nb1 Bd6 24. Nc3 Re8 25. Kf3 Bc7 26. g4 Bb6 27. g5 Nd7
28. Be3 g6 29. Nd1 Kg8 30. Bf2 Kf8 31. b3 Bc7 32. Be1 Bd6 33. c4 dxc4 34. bxc4
b5 35. c5 Bc7 36. Ne3 Rd8 37. Bc3 f5 38. Bb2 Kf7 39. Nhg2 Nf8 40. Re1 Ne6 41.
Rd1 Rd7 42. Bc3 a5 43. h4 Bd8 44. Ne1 Bc7 45. N1g2 b4 46. Ba1 Rd8 47. Bb2 a4
48. Ba1 a3 49. Kg3 Nd5 50. Nxd5 Rxd5 51. Rb1 Nxd4 52. Rxb4 Nb5 53. Ne3 Rxc5 54.
Nc4 Rd5 55. Be5 Bd8 56. Ra4 Be7 57. Ra6 Rc5 58. Ra4 Ke6 59. Kf3 Rd5 60. Ra6 Rc5
61. Ra4 Kd7 62. Ke3 Bd8 63. Bd4 Nxd4 64. Ra7+ Ke6 65. Kxd4 Rd5+ 66. Kc3 Be7 67.
Ra6 Rc5 68. Kd4 Bd6 69. Nxd6 Kxd6 70. Rxa3 Rc2 71. Ra8 c5+ 72. Ke3 Rc3+ 73. Ke2
Rh3 74. Rd8+ Ke6 75. Rg8 Kf7 76. Rc8 Rxh4 77. Rc7+ Ke6 78. Rc6+ Kd5 79. Rxg6
Rxf4 80. Rg8 Rg4 81. g6 Ke6 82. Ra8 Rxg6 83. Ra6+ Kf7 84. Rxg6 Kxg6 85. a4 h4
86. a5 h3 87. Kf2 h2 88. Kg2 h1=Q+ 89. Kxh1 c4 90. a6 c3 91. a7 c2 92. a8=Q
c1=Q+ 93. Kg2 Qd2+ 94. Kf3 Qd3+ 95. Kf2 Qd4+ 96. Kf3 Qg4+ 97. Kf2 Kg5 98. Qg8+
Kh5 99. Qh8+ Kg6 100. Qg8+ Kf6 101. Qf8+ Kg5 102. Qe7+ 1/2-1/2

[Event "2. Bundesliga Ost 2015/2016"]
[Site "Wien"]
[Date "2016.04.10"]
[Round "11"]
[Board "6"]
[White "Stangler, Peter"]
[Black "Batyte, Daiva"]
[Result "0-1"]
[WhiteElo "1968"]
[BlackElo "2107"]
[PlyCount "134"]
[EventDate "2015.10.17"]
[EventType "team"]
[EventRounds "11"]
[EventCountry "AUT"]
[WhiteTeam "SK Advisory Invest Baden"]
[BlackTeam "SV Stockerau"]

1. d4 Nf6 2. Bg5 Ne4 3. Bf4 d5 4. f3 Nf6 5. Nc3 e6 6. e4 Be7 7. Bd3 a6 8. e5
Nfd7 9. Nce2 c5 10. c3 Nc6 11. Be3 cxd4 12. cxd4 Qb6 13. Qb3 Ncxe5 14. Qxb6
Nxd3+ 15. Kd2 Nxb6 16. Kxd3 Bd7 17. Nc3 O-O 18. b3 Bd6 19. f4 f6 20. Nf3 Bc6
21. a4 Nd7 22. Rhf1 Rfe8 23. g3 b5 24. Rfb1 bxa4 25. bxa4 Rab8 26. a5 Rec8 27.
Rxb8 Rxb8 28. Bc1 Bc7 29. Bd2 Rb7 30. Kc2 h6 31. Kd3 Kf7 32. g4 Nf8 33. f5 e5
34. Kc2 e4 35. Ng1 Bxh2 36. Nge2 Bb8 37. Nf4 Rd7 38. Nfe2 Ba7 39. Rb1 Rc7 40.
Rb4 Nh7 41. Kb3 Ng5 42. Bf4 Rb7 43. Rxb7+ Bxb7 44. Na4 Nf3 45. Nb6 Ke7 46. Kb4
Bxb6 47. axb6 Kd7 48. Kc5 Ne1 49. Nc1 Nc2 50. Ne2 a5 51. Kb5 a4 52. Kxa4 Kc6
53. Kb3 Ba6 54. b7 Kxb7 55. Kxc2 Bxe2 56. Bd6 Bxg4 57. Bf8 Bxf5 58. Bxg7 e3+
59. Kd1 Bg4+ 60. Ke1 h5 61. Bxf6 Kc6 62. Bg5 e2 63. Kf2 Kb5 64. Bh4 Kc4 65. Ke3
Kc3 66. Be1+ Kc2 67. Kf2 Kd3 0-1

[Event "2. Bundesliga Ost 2015/2016"]
[Site "Wien"]
[Date "2016.04.10"]
[Round "11"]
[Board "1"]
[White "Stanec, Nikolaus"]
[Black "Szabo, Krisztian"]
[Result "1/2-1/2"]
[WhiteElo "2457"]
[BlackElo "2513"]
[PlyCount "37"]
[EventDate "2015.10.17"]
[EventType "team"]
[EventRounds "11"]
[EventCountry "AUT"]
[WhiteTeam "SC Donaustadt"]
[BlackTeam "ASVOE Mattersburg"]

1. c4 e6 2. Nf3 d5 3. d4 Nf6 4. Nc3 c6 5. cxd5 exd5 6. Bg5 h6 7. Bxf6 Qxf6 8.
e3 Bd6 9. Bd3 O-O 10. h3 Bf5 11. O-O Nd7 12. Re1 Bxd3 13. Qxd3 Rfe8 14. e4 Qg6
15. Nh4 Qf6 16. Nf3 Qg6 17. Nh4 Qf6 18. Nf3 Qg6 19. Nh4 1/2-1/2

[Event "2. Bundesliga Ost 2015/2016"]
[Site "Wien"]
[Date "2016.04.10"]
[Round "11"]
[Board "2"]
[White "Brod, Manfred"]
[Black "Petroczi, Thomas"]
[Result "1-0"]
[WhiteElo "2259"]
[BlackElo "2192"]
[PlyCount "63"]
[EventDate "2015.10.17"]
[EventType "team"]
[EventRounds "11"]
[EventCountry "AUT"]
[WhiteTeam "ASVOE Mattersburg"]
[BlackTeam "SC Donaustadt"]

1. e4 c5 2. Nf3 d6 3. d4 cxd4 4. Nxd4 Nf6 5. Nc3 a6 6. Be2 e6 7. f4 Qc7 8. a4
Be7 9. g4 b6 10. g5 Nfd7 11. f5 Ne5 12. O-O Nbc6 13. fxe6 fxe6 14. Nxc6 Qxc6
15. Be3 Qc7 16. Qd4 Qc5 17. Qd2 Qc7 18. Bd4 Rb8 19. Rad1 Qd8 20. h4 Qc7 21. Qe3
Rg8 22. Kh1 g6 23. Qh3 Qb7 24. Qg3 Qc7 25. Rf2 Rf8 26. Rdf1 Bb7 27. Rxf8+ Bxf8
28. Qf2 Bg7 29. h5 gxh5 30. Bxe5 dxe5 31. Bxh5+ Kd8 32. Qf7 1-0

[Event "2. Bundesliga Ost 2015/2016"]
[Site "Wien"]
[Date "2016.04.10"]
[Round "11"]
[Board "3"]
[White "Schwab, Rene"]
[Black "Salamon, Werner"]
[Result "1-0"]
[WhiteElo "2214"]
[BlackElo "2130"]
[PlyCount "119"]
[EventDate "2015.10.17"]
[EventType "team"]
[EventRounds "11"]
[EventCountry "AUT"]
[WhiteTeam "SC Donaustadt"]
[BlackTeam "ASVOE Mattersburg"]

1. e4 e5 2. Nf3 Nc6 3. Bc4 d6 4. d3 Be7 5. Bd2 Nf6 6. Bc3 O-O 7. Nbd2 a6 8. a3
Nd7 9. Nf1 Nc5 10. Ne3 Be6 11. Bd5 Na4 12. Bd2 Nb6 13. Bxc6 bxc6 14. Ba5 Rb8
15. b3 f5 16. Nd2 Qe8 17. Qe2 Qg6 18. f3 Bh4+ 19. Kd1 Bg5 20. exf5 Bxf5 21.
Bxb6 Rxb6 22. Nxf5 Qxf5 23. Nc4 Rbb8 24. Re1 Rbe8 25. Ne3 Qd7 26. Kc1 d5 27.
Kb2 Bf6 28. Ng4 Qd6 29. Nxf6+ Qxf6 30. Ka2 Qf4 31. h3 c5 32. Qe3 Qd4 33. Re2
Qc3 34. Rae1 Rf7 35. Qc1 Rfe7 36. Qb2 Qxb2+ 37. Kxb2 Kf7 38. Kc3 a5 39. b4
cxb4+ 40. axb4 axb4+ 41. Kxb4 Kf6 42. Kc5 Rd8 43. d4 e4 44. fxe4 dxe4 45. Rxe4
Red7 46. Rf4+ Kg5 47. Rg4+ Kh5 48. Re5+ Kh6 49. Rh4+ Kg6 50. Rg4+ Kf6 51. Rf4+
Kg6 52. d5 Rd6 53. Rfe4 Kf6 54. c4 R8d7 55. Re8 h5 56. Rf8+ Kg5 57. h4+ Kg6 58.
Re5 Rf6 59. Rg5+ Kh7 60. Rxh5+ 1-0

[Event "2. Bundesliga Ost 2015/2016"]
[Site "Wien"]
[Date "2016.04.10"]
[Round "11"]
[Board "4"]
[White "Strodl, Joachim"]
[Black "Schwab, Lukas"]
[Result "0-1"]
[WhiteElo "2120"]
[BlackElo "2155"]
[PlyCount "146"]
[EventDate "2015.10.17"]
[EventType "team"]
[EventRounds "11"]
[EventCountry "AUT"]
[WhiteTeam "ASVOE Mattersburg"]
[BlackTeam "SC Donaustadt"]

1. Nf3 d5 2. c4 e6 3. g3 Nf6 4. Bg2 dxc4 5. Qa4+ Nbd7 6. Qxc4 a6 7. O-O c5 8.
d3 b5 9. Qc2 Bb7 10. Nbd2 Bd6 11. b3 O-O 12. Bb2 Rc8 13. Rfe1 Qb6 14. h3 Rfd8
15. e4 e5 16. Rac1 Bb8 17. Nh4 g6 18. Nf1 Qd6 19. Rcd1 Qb6 20. Bc1 Nh5 21. Qe2
Ng7 22. Be3 Ne6 23. Nh2 Ndf8 24. Ng4 Nd4 25. Nh6+ Kg7 26. Qg4 Qe6 27. Qg5 f6
28. N6f5+ Kh8 29. Qh6 gxf5 30. exf5 Qf7 31. Bxb7 Qxb7 32. Qxf6+ Qg7 33. Qxa6
Rc6 34. Qa3 Nc2 35. Qa8 Rcc8 36. Re2 Nxe3 37. Rxe3 c4 38. Qe4 Rd4 39. Qf3 Rcd8
40. bxc4 Rxh4 41. cxb5 Rb4 42. Re4 Rdd4 43. Rxd4 exd4 44. Re1 Rxb5 45. f6 Qg6
46. Qc6 Re5 47. Rb1 Qe8 48. Qb7 Nd7 49. Rb4 Re6 50. Rc4 Qf7 51. Rxd4 Rd6 52.
Rf4 Rb6 53. Qc8+ Nf8 54. Rf3 Be5 55. Qf5 Ng6 56. Qe4 Rxf6 57. Rxf6 Qxf6 58. Kg2
Ne7 59. a4 Qc6 60. Kf3 Bd4 61. a5 Qxe4+ 62. dxe4 Kg7 63. Ke2 Nc6 64. f4 Nxa5
65. g4 Nb7 66. Kd3 Bf2 67. Ke2 Bg3 68. Kf3 Bh2 69. h4 Nc5 70. Ke3 Bg3 71. h5
Ne6 72. f5 Ng5 73. Kd4 Kf6 0-1

[Event "2. Bundesliga Ost 2015/2016"]
[Site "Wien"]
[Date "2016.04.10"]
[Round "11"]
[Board "5"]
[White "Demircan, Suekrue"]
[Black "Savio, Alfred Jun."]
[Result "1-0"]
[WhiteElo "2111"]
[BlackElo "2036"]
[PlyCount "91"]
[EventDate "2015.10.17"]
[EventType "team"]
[EventRounds "11"]
[EventCountry "AUT"]
[WhiteTeam "SC Donaustadt"]
[BlackTeam "ASVOE Mattersburg"]

1. e4 e5 2. f4 exf4 3. Nf3 d5 4. exd5 Nf6 5. Bb5+ c6 6. dxc6 Qe7+ 7. Qe2 bxc6
8. Qxe7+ Bxe7 9. Ba4 O-O 10. O-O Nd5 11. Nc3 Nb6 12. Bb3 a5 13. a3 N8d7 14. Re1
Bd6 15. Ne4 Bc7 16. Nd4 c5 17. Nb5 Bb8 18. d3 a4 19. Ba2 Ba6 20. Nbd6 g5 21.
Nf5 Re8 22. Bd2 Be5 23. Nxg5 c4 24. d4 f6 25. Nf3 Bc7 26. Ba5 Bb5 27. Bb4 Nd5
28. Ne7+ Nxe7 29. Bxe7 Kf7 30. Bb4 Nb6 31. Nd2 Re3 32. Nf1 Ree8 33. Kf2 f5 34.
Nd2 Re3 35. Bc5 Kf6 36. Bxb6 Bxb6 37. c3 Rd3 38. Rad1 Rxd4 39. cxd4 Bxd4+ 40.
Kf3 Bc6+ 41. Kxf4 Rg8 42. Ne4+ Bxe4 43. Rxd4 Rg4+ 44. Ke3 Rxg2 45. Bxc4 Rxh2
46. Re2 1-0

[Event "2. Bundesliga Ost 2015/2016"]
[Site "Wien"]
[Date "2016.04.10"]
[Round "11"]
[Board "1"]
[White "Penz, Harald"]
[Black "Pacher, Milan"]
[Result "0-1"]
[WhiteElo "2329"]
[BlackElo "2471"]
[PlyCount "108"]
[EventDate "2015.10.17"]
[EventType "team"]
[EventRounds "11"]
[EventCountry "AUT"]
[WhiteTeam "SK Hietzing"]
[BlackTeam "SK Austria"]

1. e4 c5 2. c3 Nf6 3. e5 Nd5 4. Bc4 Nb6 5. Bb3 Nc6 6. Nf3 c4 7. Bc2 Qc7 8. O-O
Nxe5 9. Nxe5 Qxe5 10. Re1 Qc7 11. a4 e6 12. d3 cxd3 13. Qxd3 Be7 14. Na3 a6 15.
a5 Nd5 16. Nc4 d6 17. Be3 Bd7 18. Nb6 Nxb6 19. Bxb6 Qc8 20. h4 Bc6 21. Re3 e5
22. Rg3 g6 23. h5 Qe6 24. Re1 Bd8 25. Bxd8 Rxd8 26. f4 Rd7 27. fxe5 dxe5 28.
Qe3 O-O 29. hxg6 fxg6 30. Rg5 e4 31. Bxe4 Re7 32. Bxc6 Qxe3+ 33. Rxe3 Rxe3 34.
Bxb7 Rb8 35. Bxa6 Rxb2 36. c4 Ra3 37. Bc8 Kg7 38. a6 Kf6 39. Rb5 Rc2 40. Rc5 g5
41. Rc6+ Ke7 42. Rh6 Rxc4 43. Rxh7+ Kf6 44. Bb7 g4 45. Kh2 Rc5 46. Rh8 Rg5 47.
Bc8 Ke5 48. Re8+ Kd6 49. Rh8 Kc7 50. a7 g3+ 51. Kh3 Rg7 52. Be6 Rxa7 53. Rg8
Rxg8 54. Bxg8 Kd6 0-1